000 00682nam a22002057a 4500
999 _c168443
_d168443
005 20191009155615.0
010 _aENG-126625
020 _a9789353285814
_c450.00
035 _aEN-110157
037 _bDBAD/PUB
082 _a155.232
100 _aRatna
245 _aWhy people give :
_cby Ratna and Suhasini Vira
_binterpreting altruism /
260 _aNew Delhi
_bSAGE Publications
_c2019
270 _aB1/1-1, Mohan Cooperative Industrial Area
_bMathura Road, Post Bag 7
_e110044
_mmarketing@sagepub.in
300 _axvii,220p.
_c22cm(pbk)
500 _aIncludes bibliographical references
700 _aVira, Suhasini
942 _2ddc
_cEN
_h155.232
_mRAT